| 000 | 01550cam a22005054i 4500 | ||
|---|---|---|---|
| 003 | PE-LiUPU | ||
| 005 | 20250731180113.0 | ||
| 008 | 150623s r 000 0 d | ||
| 035 | _a(Sirsi) a24170 | ||
| 040 |
_aPE-LiUPU _bspa _cPE-LiUPU _erda |
||
| 082 | 0 | 4 |
_a507.2 _bB92 _221 |
| 100 | 1 |
_aBunge, Mario, _d1919-, _eautor. |
|
| 245 | 1 | 0 |
_aCiencia y desarrollo / _cMario Bunge. |
| 264 | 1 |
_aBuenos Aires : _bSiglo Veinte, _c[198 ]. |
|
| 300 |
_a173 páginas : _bilustraciones, gráficos ; _c18 cm. |
||
| 336 |
_atext _2rdacontent |
||
| 337 |
_aunmediated _2rdamedia |
||
| 338 |
_avolume _2rdacarrier |
||
| 504 | _aIncluye bibliografía. | ||
| 505 | 0 | _aCiencia y desarrollo. | |
| 526 | _aSEG44 | ||
| 526 | _aSEG26 | ||
| 526 | _aP159 | ||
| 526 | _aP155 | ||
| 526 | _aP154 | ||
| 526 | _aP153 | ||
| 526 | _aP150 | ||
| 526 | _aP100 | ||
| 526 | _aP31 | ||
| 526 | _aP30 | ||
| 526 | _aP26 | ||
| 526 | _aP25 | ||
| 526 | _aP24 | ||
| 526 | _aP22 | ||
| 526 | _aP15 | ||
| 526 | _aP10 | ||
| 650 | 0 | 4 |
_aCiencia _xFilosofía. |
| 650 | 0 | 4 | _aInvestigación. |
| 650 | 0 | 4 | _aDesarrollo científico y tecnológico. |
| 942 |
_2ddc _cBOOK |
||
| 949 |
_a507.2 B92 _wDEWEY _c1 _i48436 _lCCODEBUL1 _mBUL _p00.00 _r0 _sY _tBOOK _u2015-06-24 _xEDUCACION _zUNKNOWN _0COMPRA _o.STAFF. Colección General |
||
| 596 | _a1 | ||
| 999 |
_a507.2 B92 _wDEWEY _c27279 _i48436 _d27279 _e2016-9-14 _f2021-11-5 _g5 _lCCODEBUL1 _mBUL _n3 _r0 _sY _tBOOK _u2015-6-24 _xBIBLIOTECA _zUNKNOWN _0COMPRA _o.STAFF. Colección General |
||
| 980 |
_81 _gALBERTO SANCHEZ Responsable de Automatización |
||